Parti politique ayant eu la majorité à l'assemblée nationale française - Statistiques

Statistiques générales
  • Ce quiz a été pris 404 fois
  • Le résultat moyen est 11 sur 15
Statistiques - réponses
Législature Parti Politique % Correct
7 Parti Socialiste
99%
8 Parti Socialiste
99%
9 Parti Socialiste
99%
11 Parti Socialiste
99%
14 Parti Socialiste
99%
15 La République en Marche
90%
12 Union pour la majorité présidentielle
88%
13 Union pour un mouvement populaire
88%
5 Union des démocrates pour la République / Rassemblement pour la République
80%
6 Rassemblement pour la République
74%
10 Rassemblement pour la République
74%
3 Union des démocrates pour la République
46%
4 Union des démocrates pour la République
46%
1 Union pour la nouvelle République
17%
2 Union pour la nouvelle République-Union démocratique du travail
5%
Aucun quiz correspondant
Distribution des résultats
% des personnes avec chaque résultat
Percentile par nombre de réponses
Votre historique - résultats
Vous n’avez pas pris ce quiz